000 00223nam a2200121Ia 4500
100 _a#N/A
650 _aComputer/ IT
942 _cBK
654 _adesktop
245 _aDesktop Linux
260 _b#N/A
546 _aENGLISH
999 _c18043
_d18043